00426cam a2200109u 4500082001400000100003800014245003600052260006500088300008100153500003300234650004900267 a541.3 LEW1 aLewis, William Cudmore McCullagh,02aA system of physical chemistry, aLondon,aNew York [etc.]bLongmans, Green and co.,c1923-25. a489pbfront. (fold. tab.) illus., pl., diagrs.e3 v. Volume 1 Kinetic Theory a3 v. Volume 1 Kinetic Theory 0aChemistry, Physical and theoretical.,kinetic